[Event "38th Olympiad w"]
[Site "Dresden GER"]
[Date "2008.11.15"]
[Round "3"]
[White "Jalloul,M"]
[Black "Wagener,A"]
[Result "0-1"]
[WhiteElo "1889"]
[BlackElo "2246"]
[EventDate "2008.11.13"]

1. e4 c5 2. Nc3 e6 3. g3 Nc6 4. Bg2 g6 5. d3 Bg7 6. f4 d6 7. Nf3 Nge7 8.
O-O O-O 9. Ne2 b6 10. c3 Ba6 11. Be3 Qd7 12. Qd2 Rac8 13. Bh3 f5 14. g4 Kh8
15. Rf2 h6 16. Ng3 d5 17. Rg2 d4 18. cxd4 Nxd4 19. Nxd4 Bxd4 20. gxf5 exf5
21. Rd1 Rcd8 22. Rf2 Bxe3 23. Qxe3 Qd4 24. Qxd4+ Rxd4 25. Rfd2 Rfd8 26.
exf5 gxf5 27. Nxf5 Nxf5 28. Bxf5 Rxf4 29. Rf1 Rxf1+ 30. Kxf1 Rf8 31. Rf2
Rxf5 0-1

[Event "38th Olympiad w"]
[Site "Dresden GER"]
[Date "2008.11.15"]
[Round "3"]
[White "Steil Antoni,F"]
[Black "Mouradian,S"]
[Result "1-0"]
[WhiteElo "2166"]
[BlackElo "1828"]
[EventDate "2008.11.13"]

1. e4 c5 2. Nc3 Nc6 3. f4 e6 4. Nf3 g6 5. d4 cxd4 6. Nxd4 Bg7 7. Ndb5 Bf8
8. e5 a6 9. Nd6+ Bxd6 10. Qxd6 Qe7 11. Ne4 Nb4 12. Qd2 Nc6 13. Nd6+ Kf8 14.
b3 Nh6 15. Bb2 Nf5 16. O-O-O Rg8 17. Nxc8 Rxc8 18. Qxd7 Qxd7 19. Rxd7 Ne3
20. Rxb7 Na5 21. Ra7 Rxc2+ 22. Kb1 Kg7 23. Rxa6 Rd8 24. Rd6 Rb8 25. Rd3
Nac4 26. Rxe3 Nxe3 27. Bd4 Ra8 28. a4 Nf5 29. Kxc2 Nxd4+ 30. Kc3 Nf5 31.
Bc4 h6 32. Rd1 Ne3 33. Rd7 Kf8 34. g3 Ng4 35. Rd2 Ke7 36. Kb4 g5 37. a5 Ne3
38. Rd3 Nf1 39. a6 Ra7 40. Ka5 1-0

[Event "38th Olympiad w"]
[Site "Dresden GER"]
[Date "2008.11.15"]
[Round "3"]
[White "Aguilar,F"]
[Black "Topel,Z"]
[Result "0-1"]
[WhiteElo "1835"]
[BlackElo "2214"]
[EventDate "2008.11.13"]

1. e4 c5 2. Nf3 Nc6 3. Bb5 e6 4. Bxc6 bxc6 5. O-O Qc7 6. d3 e5 7. c3 Nf6 8.
Bg5 Be7 9. d4 cxd4 10. cxd4 d6 11. Qc2 O-O 12. Nbd2 exd4 13. Nxd4 c5 14.
Rac1 Qb7 15. N4f3 Bg4 16. Rfe1 Rfe8 17. e5 dxe5 18. Rxe5 Be6 19. Bxf6 Bxf6
20. Rxc5 Qxb2 21. Qxb2 Bxb2 22. R1c2 Ba3 23. Rc7 Bf5 24. R2c6 Bb4 25. Nb3
Rad8 26. Rc1 Ba3 27. Rf1 Bd3 28. Rd1 a6 29. Nbd4 Be4 30. Rf1 h6 31. h3 Bxf3
32. Nxf3 Rd5 33. Re1 Bb4 34. Rec1 Ra5 35. Rc8 Rxc8 36. Rxc8+ Kh7 37. Re8
Re5 38. Nd4 Re1+ 39. Kh2 Re6 40. f4 0-1

[Event "38th Olympiad w"]
[Site "Dresden GER"]
[Date "2008.11.15"]
[Round "3"]
[White "Bayrak,A"]
[Black "Sciortino,Mar"]
[Result "1-0"]
[WhiteElo "2005"]
[BlackElo "2005"]
[EventDate "2008.11.13"]

1. e4 e5 2. Bc4 Nf6 3. d3 h6 4. Nf3 Nc6 5. O-O d6 6. Nbd2 Be7 7. c3 O-O 8.
Bb3 b6 9. Re1 Ba6 10. Nf1 Na5 11. Ng3 Nxb3 12. axb3 Bb7 13. Nf5 Kh7 14. h3
Ng8 15. Qd2 Bc8 16. d4 Bxf5 17. exf5 Bf6 18. dxe5 dxe5 19. Nxe5 Qxd2 20.
Bxd2 Bxe5 21. Rxe5 a5 22. g4 Rad8 23. Bf4 Rd7 24. Rae1 Rfd8 25. Kg2 c6 26.
h4 Rd5 27. c4 b5 28. R1e3 Rxe5 29. f3 Rd7 30. Bxe5 f6 31. Kg3 a4 32. Bc3
bxc4 33. bxc4 Rc7 34. Re8 Ra7 35. Bb4 Ra6 36. Rc8 Rb6 37. Ba3 Ra6 38. Rc7
Kh8 39. Bf8 Rb6 40. Bxg7+ Kh7 41. Bxf6+ 1-0

[Event "38th Olympiad w"]
[Site "Dresden GER"]
[Date "2008.11.15"]
[Round "3"]
[White "Sabirova,O"]
[Black "Vargas,Ga"]
[Result "1/2-1/2"]
[WhiteElo "2185"]
[BlackElo "2055"]
[EventDate "2008.11.13"]

1. e4 e6 2. Nc3 d5 3. d4 Bb4 4. exd5 exd5 5. Qf3 Qe7+ 6. Nge2 Nc6 7. Be3
Nf6 8. h3 Ne4 9. O-O-O Bxc3 10. Nxc3 Nxc3 11. bxc3 Qa3+ 12. Kd2 Be6 13. Bd3
O-O-O 14. Rb1 Na5 15. Bf4 c5 16. Rb5 c4 17. Rc5+ Nc6 18. Bh2 cxd3 19. Qf4
Kd7 20. Qc7+ Ke8 21. Qxb7 Ne7 22. Bc7 Qxa2 23. Rc1 Bc8 24. Qb5+ Bd7 25.
Qxd3 Rc8 26. Re1 Qa4 27. f4 g6 28. g4 h5 29. Qe3 Be6 30. Qe5 Rg8 31. Re2
Qa6 32. Qd6 Qxd6 33. Bxd6 Rxc5 34. Bxc5 Kd7 35. Bxe7 Kxe7 36. f5 gxf5 37.
gxf5 Rg3 38. fxe6 fxe6 39. Re1 Rxh3 40. Ra1 h4 41. Rxa7+ Kf6 42. Rh7 Kf5
43. Rh5+ Kg6 44. Re5 Kf6 45. Rh5 Rh2+ 46. Kd3 h3 47. c4 dxc4+ 48. Kxc4
Rxc2+ 49. Kd3 Ra2 50. Ke4 h2 51. Kf4 Kg6 52. Rh8 Kf6 53. Rh6+ Ke7 54. Ke4
Kd6 55. Rh8 Rb2 1/2-1/2

[Event "38th Olympiad w"]
[Site "Dresden GER"]
[Date "2008.11.15"]
[Round "3"]
[White "Perez,Da"]
[Black "Gevorgyan,I"]
[Result "0-1"]
[WhiteElo "1632"]
[BlackElo "2179"]
[EventDate "2008.11.13"]

1. d4 Nf6 2. c4 e6 3. Nc3 Bb4 4. e3 O-O 5. Bd3 d5 6. c5 b6 7. cxb6 axb6 8.
Nf3 Ne4 9. Qc2 f5 10. O-O Nd7 11. Nb5 Ba6 12. Rd1 Bd6 13. Qc6 Ndf6 14. h3
Qe8 15. Qxe8 Rfxe8 16. Bd2 c5 17. b3 Re7 18. a4 Bb8 19. Rac1 Bb7 20. dxc5
bxc5 21. Ra1 e5 22. a5 Ba6 23. Ra3 Rb7 24. Bc3 Bxb5 25. Bxe5 Bxe5 26. Nxe5
Bxd3 27. Rxd3 Ra6 28. f3 Nd6 29. Rc3 Rb5 30. Ra2 h6 31. Rac2 Nb7 32. Nd3
Raxa5 33. Kh2 Ra3 34. Nxc5 Nxc5 35. Rxc5 Rxc5 36. Rxc5 Rxb3 37. Rc8+ Kh7
38. e4 dxe4 39. fxe4 fxe4 40. Rc5 Kg6 41. Re5 Rb8 42. Rc5 Re8 43. Rc1 e3
44. Re1 Kf5 45. Kg3 Ke4 46. h4 Nd5 47. h5 Re5 48. Kg4 Rg5+ 49. Kh3 Nf4+ 50.
Kh4 Nxg2+ 51. Kh3 Nxe1 52. Kh4 Kf3 53. Kh3 Rxh5+ 0-1

[Event "38th Olympiad w"]
[Site "Dresden GER"]
[Date "2008.11.15"]
[Round "3"]
[White "Tokhirjanova,H"]
[Black "Rojas,Mo"]
[Result "1-0"]
[WhiteElo "2106"]
[BlackElo "1689"]
[EventDate "2008.11.13"]

1. e4 c5 2. Nf3 d6 3. d4 cxd4 4. Nxd4 g6 5. c4 Bg7 6. Be3 Nc6 7. Nc3 Bd7 8.
Be2 Nf6 9. Nc2 Qc8 10. f3 O-O 11. O-O Ne8 12. Qd2 f5 13. Rab1 Nf6 14. Bd3
Ne5 15. Nd5 Rf7 16. b3 Nxd3 17. Qxd3 Nxd5 18. cxd5 a6 19. Nd4 Qe8 20. Rfc1
fxe4 21. fxe4 Rc8 22. a4 Qd8 23. Rxc8 Bxc8 24. b4 Bxd4 25. Bxd4 e5 26. dxe6
Bxe6 27. Rd1 Rd7 28. Qg3 Qf8 29. Ba1 Qe7 30. Qc3 Kf8 31. Rf1+ 1-0

[Event "38th Olympiad w"]
[Site "Dresden GER"]
[Date "2008.11.15"]
[Round "3"]
[White "Mateus,Mar"]
[Black "Mohammed Qane,J"]
[Result "1-0"]
[WhiteElo "2138"]
[BlackElo "1913"]
[EventDate "2008.11.13"]

1. e4 e5 2. Nf3 Nc6 3. d4 exd4 4. Nxd4 Bc5 5. Nb3 Bb6 6. a4 a6 7. Nc3 d6 8.
Nd5 Ba7 9. h4 Be6 10. Bg5 Qd7 11. Qd2 h6 12. Bf4 O-O-O 13. O-O-O f5 14.
exf5 Bxf5 15. f3 Nge7 16. Bc4 Nxd5 17. Bxd5 Ne7 18. Rhe1 Nxd5 19. Qxd5 Bb6
20. Nd4 Bxd4 21. Qxd4 Qc6 22. Rd2 Rhe8 23. Red1 Kb8 24. Be3 b6 25. a5 b5
26. g4 Bh7 27. Qxg7 Qxf3 28. Ba7+ Kxa7 29. Qxh7 Kb8 30. g5 hxg5 31. hxg5
Qg4 32. Qh1 Qa4 33. Kb1 Qxa5 34. g6 Rg8 35. Qh7 b4 36. Rd5 Qb6 37. g7 Qf2
38. Qd3 Qb6 39. Qh7 Qf2 40. R5d4 a5 41. Qd3 Rxg7 42. Qb5+ Kc8 43. Qa6+ Kb8
44. Rd5 Qa7 45. Rb5+ Ka8 46. Qc6+ 1-0

[Event "38th Olympiad w"]
[Site "Dresden GER"]
[Date "2008.11.15"]
[Round "3"]
[White "Gansvind,V"]
[Black "Soondarsingh,A"]
[Result "1-0"]
[WhiteElo "2212"]
[BlackElo "1867"]
[EventDate "2008.11.13"]

1. d4 d5 2. Bg5 Nf6 3. Bxf6 exf6 4. e3 Bd6 5. g3 O-O 6. Bg2 c6 7. Nd2 Re8
8. Ne2 Nd7 9. O-O Nf8 10. c4 Be6 11. cxd5 Bxd5 12. Bxd5 cxd5 13. Nc3 Bb4
14. Qb3 Bxc3 15. Qxc3 Rc8 16. Qb3 Qd7 17. Nb1 a6 18. Nc3 Red8 19. a4 Ne6
20. f4 Nf8 21. a5 Qe6 22. Rfe1 Qh3 23. Re2 Qg4 24. Rae1 Ng6 25. Rg2 Qd7 26.
Na4 Rc7 27. Nc5 Qe7 28. Rc2 Nf8 29. Rec1 Ne6 30. Na4 Rdc8 31. Nb6 Rxc2 32.
Rxc2 Rxc2 33. Qxc2 Nc7 34. Kf2 g6 35. Qc5 Qd8 36. Qb4 Kg7 37. Qb3 Qd6 38.
Qc3 Qc6 39. Qxc6 bxc6 40. Nc8 Kf8 41. Na7 Ke8 42. Nxc6 Kd7 43. Nb4 Kd6 44.
g4 h6 45. h3 g5 46. Kf3 Ke6 47. f5+ Kd6 48. e4 dxe4+ 49. Kxe4 Kd7 50. Kd3
Kc8 51. Kc4 Kb7 52. Kc5 Ne8 53. d5 Nc7 54. d6 Na8 55. Nd5 Kc8 56. Kc6 1-0

[Event "38th Olympiad w"]
[Site "Dresden GER"]
[Date "2008.11.15"]
[Round "3"]
[White "Piarnpuu,L"]
[Black "Smith,Ja"]
[Result "1-0"]
[WhiteElo "2145"]
[BlackElo "2001"]
[EventDate "2008.11.13"]

1. d4 Nf6 2. g3 g6 3. Bg2 Bg7 4. e4 d6 5. Nc3 O-O 6. Nge2 Re8 7. O-O e5 8.
h3 Nbd7 9. Be3 exd4 10. Bxd4 Ne5 11. f4 Nc6 12. Bf2 Be6 13. Qd2 Qd7 14. Kh2
Rad8 15. Rad1 Ne7 16. Nd4 d5 17. Nxe6 fxe6 18. e5 Nh5 19. g4 Nxf4 20. Qxf4
Nc6 21. Bd4 Rf8 22. Qe3 Rxf1 23. Rxf1 Nxd4 24. Qxd4 b6 25. Qf4 c6 26. Kg1
d4 27. Ne4 Rf8 28. Qxf8+ Bxf8 29. Nf6+ 1-0

[Event "38th Olympiad w"]
[Site "Dresden GER"]
[Date "2008.11.15"]
[Round "3"]
[White "Al Khelaifi,S"]
[Black "Leite,C"]
[Result "0-1"]
[WhiteElo "1707"]
[BlackElo "2153"]
[EventDate "2008.11.13"]

1. d4 d6 2. e4 Nf6 3. Nc3 g6 4. f3 Bg7 5. Bg5 Nbd7 6. Qd2 c5 7. d5 a6 8. h4
b5 9. Bh6 Bxh6 10. Qxh6 Qa5 11. Qd2 Bb7 12. Nh3 Nh5 13. g4 Ne5 14. Kf2 Nf6
15. g5 Nh5 16. f4 Nd7 17. Bg2 h6 18. e5 dxe5 19. fxe5 O-O-O 20. Rhe1 Nb6
21. Nf4 hxg5 22. hxg5 Nc4 23. Qc1 Nxb2 24. Nxg6 fxg6 25. Qxb2 Nf4 26. e6
Rdf8 27. Kg1 Rh5 28. Re5 Qb6 29. Ne4 c4+ 30. Nf2 Nh3+ 0-1

[Event "38th Olympiad w"]
[Site "Dresden GER"]
[Date "2008.11.15"]
[Round "3"]
[White "Pintor,A"]
[Black "Al Khelaifi,A"]
[Result "1-0"]
[WhiteElo "2152"]
[BlackElo "1640"]
[EventDate "2008.11.13"]

1. e4 e5 2. Nf3 Nf6 3. Nxe5 d6 4. Nf3 Nxe4 5. Nc3 Nxc3 6. dxc3 Be7 7. Bf4
Nc6 8. Qd2 Be6 9. O-O-O a6 10. Kb1 Qd7 11. h3 O-O-O 12. Nd4 Nxd4 13. Qxd4
c5 14. Qe4 Bf5 15. Qf3 g5 16. Be3 Qe6 17. Bd3 Bxd3 18. Rxd3 f5 19. Bd2 Qe4
20. Re1 Qxf3 21. Rxf3 Kd7 22. Rxe7+ Kxe7 23. Bxg5+ Ke6 24. Bxd8 Rxd8 25.
Kc1 d5 26. Kd2 c4 27. Rf4 Rd7 28. Ke3 Ke5 29. Rh4 b5 30. f4+ Kd6 31. Rh6+
Kc5 32. Rxa6 d4+ 33. cxd4+ Rxd4 34. Rc6+ Kd5 35. Rd6+ Kxd6 36. Kxd4 h6 37.
b3 cxb3 38. cxb3 h5 39. a4 bxa4 40. bxa4 Kc6 41. Ke5 Kc5 42. Kxf5 Kb4 43.
Kg5 Kxa4 44. f5 1-0

[Event "38th Olympiad w"]
[Site "Dresden GER"]
[Date "2008.11.15"]
[Round "3"]
[White "Safar,R"]
[Black "Baptista,A"]
[Result "0-1"]
[WhiteElo "1719"]
[BlackElo "2168"]
[EventDate "2008.11.13"]

1. d4 Nf6 2. c4 e6 3. Nc3 Bb4 4. e3 b6 5. Bd3 Bb7 6. Nf3 c5 7. O-O cxd4 8.
exd4 Bxc3 9. bxc3 O-O 10. Bg5 h6 11. Bh4 d6 12. Re1 Nbd7 13. Bg3 Qc7 14.
Nd2 Rac8 15. c5 bxc5 16. Nc4 Ne8 17. dxc5 Nxc5 18. Nxd6 Nxd6 19. Bxd6 Qc6
20. f3 Nxd3 21. Qxd3 Rfd8 22. Red1 Rd7 23. Rd2 Rcd8 24. Rad1 Rxd6 25. Qxd6
Rxd6 26. Rxd6 Qxc3 27. R6d3 Qc5+ 28. Kh1 Bd5 29. a3 a5 30. h3 a4 31. Kh2
Bb3 32. R1d2 Qxa3 33. Rc3 Qb4 34. Rdd3 Bc4 35. Re3 Qd6+ 36. Kg1 Qd4 37. Kh2
f5 38. Ra3 Bb3 39. Re1 Qd6+ 0-1

[Event "38th Olympiad w"]
[Site "Dresden GER"]
[Date "2008.11.15"]
[Round "3"]
[White "Coimbra,M"]
[Black "Al Khelaifi,K"]
[Result "1-0"]
[WhiteElo "2105"]
[BlackElo "1480"]
[EventDate "2008.11.13"]

1. e4 e5 2. Nf3 Nf6 3. Nxe5 d6 4. Nf3 Nxe4 5. Nc3 Nxc3 6. dxc3 Be6 7. Bf4
Nc6 8. Qd2 Qd7 9. O-O-O a6 10. Bd3 O-O-O 11. Rhe1 Be7 12. Ng5 Bxg5 13. Bxg5
Rde8 14. h4 Ne5 15. Be2 Ng4 16. Qd4 Kb8 17. Bxg4 Bxg4 18. f3 Be6 19. Qxg7
Reg8 20. Qd4 h6 21. Bf6 Rh7 22. g4 Qc6 23. Qd3 Rg6 24. Rxe6 fxe6 25. Qxg6
Qd7 26. Bd4 e5 27. Qg8+ Qc8 28. Ba7+ Kxa7 29. Qxc8 1-0

[Event "38th Olympiad w"]
[Site "Dresden GER"]
[Date "2008.11.15"]
[Round "3"]
[White "Baklanova,T"]
[Black "Yueh, Elsa Wei Chung"]
[Result "1-0"]
[WhiteElo "2231"]
[BlackElo "1612"]
[EventDate "2008.11.13"]

1. d4 Nf6 2. c4 e6 3. Nc3 Bb4 4. Bg5 Bxc3+ 5. bxc3 d5 6. e3 b6 7. cxd5 exd5
8. Bd3 O-O 9. Bxf6 Qxf6 10. Qh5 h6 11. Qxd5 Qc6 12. Qxc6 Nxc6 13. Be4 Bd7
14. Nf3 Rad8 15. O-O Rfe8 16. Bd5 Na5 17. Ne5 Be6 18. Bxe6 Rxe6 19. Rac1
Nc6 20. Nd3 Ne7 21. c4 c6 22. Rc3 Ng6 23. g3 h5 24. h4 Ne7 25. Nf4 Rh6 26.
Rd1 Ng6 27. Nd3 Ne7 28. Ra3 Rd7 29. Ne5 Rc7 30. d5 Rd6 31. e4 f6 32. Nd3 c5
33. f4 Nc8 34. e5 fxe5 35. fxe5 Rg6 36. Nf4 Rg4 37. d6 Rd7 38. Rad3 g5 39.
hxg5 h4 40. e6 Rxg3+ 41. Rxg3 1-0

[Event "38th Olympiad w"]
[Site "Dresden GER"]
[Date "2008.11.15"]
[Round "3"]
[White "Chen I Chen"]
[Black "Gerasimova,O"]
[Result "1/2-1/2"]
[WhiteElo "1725"]
[BlackElo "2316"]
[EventDate "2008.11.13"]

1. e4 c5 2. Nf3 Nc6 3. d4 cxd4 4. Nxd4 g6 5. c4 Bg7 6. Be3 Nf6 7. Nc3 d6 8.
Be2 O-O 9. O-O Bd7 10. Rc1 Nxd4 11. Bxd4 Bc6 12. f3 Bh6 13. Rc2 Nd7 14. Nd5
Nc5 15. Qe1 Ne6 16. Bc3 f6 17. Qh4 Bg5 18. Qg3 Bh6 19. f4 Nc5 20. Qh3 Bg7
21. b4 Bd7 22. Bg4 Bxg4 23. Qxg4 Nd7 24. Qe6+ Rf7 25. h4 Nf8 26. Qh3 e6 27.
Ne3 Qc7 28. Rd1 Rd8 29. Rcd2 Rfd7 30. Bb2 Qb6 31. a3 Qc6 32. Qf3 1/2-1/2

[Event "38th Olympiad w"]
[Site "Dresden GER"]
[Date "2008.11.15"]
[Round "3"]
[White "Mucha,A"]
[Black "Lin Yu Tong,E"]
[Result "1-0"]
[WhiteElo "1965"]
[BlackElo "1487"]
[EventDate "2008.11.13"]

1. e4 e5 2. Nf3 Nc6 3. Bc4 Nf6 4. d3 Be7 5. O-O d6 6. h3 O-O 7. c3 a6 8. a4
h6 9. Nbd2 Be6 10. Re1 Qd7 11. Bxe6 fxe6 12. Nf1 Rf7 13. Ng3 Raf8 14. Be3
a5 15. Qc2 Nh7 16. Re2 Qe8 17. Rd1 Rf6 18. d4 exd4 19. cxd4 Bd8 20. Qb3 Nb4
21. d5 e5 22. Bd2 Na6 23. Qxb7 Nc5 24. Qb5 Nxa4 25. Qxe8 Rxe8 26. Bxa5 Nc5
27. Rc2 Re7 28. Bb4 Na4 29. Ra1 Nb6 30. Ra6 Nf8 31. Nf5 Rd7 32. b3 Nxd5 33.
Nxh6+ gxh6 34. exd5 Rg7 35. Kh2 Nd7 36. Ba5 Nb6 37. Bxb6 cxb6 38. Ra8 Rd7
39. Rcc8 Rf8 40. Nd2 Be7 41. Rxf8+ Bxf8 42. Nc4 b5 43. Na3 Rb7 44. Ra5 b4
45. Rb5 Ra7 46. Nc4 Ra2 47. Kg3 Ra1 48. Rxb4 Rd1 49. Ne3 Rd3 50. Kf3 Kf7
51. Ke2 Rc3 52. Kd2 Rc5 53. Rc4 Rb5 54. b4 Kf6 55. Kc3 h5 56. Rc6 Rb7 57.
Nc4 Rd7 58. b5 Be7 59. b6 1-0

[Event "38th Olympiad w"]
[Site "Dresden GER"]
[Date "2008.11.15"]
[Round "3"]
[White "Wang Hsin Jung"]
[Black "Gonchar,S"]
[Result "1-0"]
[WhiteElo "1724"]
[BlackElo "1844"]
[EventDate "2008.11.13"]

1. c4 e6 2. Nf3 Nf6 3. g3 d5 4. cxd5 exd5 5. Bg2 c6 6. O-O Bd6 7. d4 O-O 8.
Nc3 Re8 9. Re1 Bg4 10. Bg5 Nbd7 11. Qc2 h6 12. Bxf6 Nxf6 13. Rac1 Qd7 14.
Nd2 Bb4 15. e3 Bf5 16. Qb3 Bxc3 17. Qxc3 Rac8 18. Qa5 b6 19. Qa3 Qe7 20.
Qxe7 Rxe7 21. b4 Ne4 22. Nxe4 Bxe4 23. Bh3 Rcc7 24. Rc3 f5 25. Rec1 Re6 26.
Kf1 g5 27. Ke1 Bf3 28. Bxf5 Rf6 29. Bd3 Bh5 30. b5 Be8 31. bxc6 Rfxc6 32.
Rxc6 Rxc6 33. Rxc6 Bxc6 34. Kd2 Kf7 35. Kc3 Kf6 36. f3 a5 37. e4 Ke6 38.
exd5+ Bxd5 39. Bc4 b5 40. Bxd5+ Kxd5 41. h4 b4+ 42. Kd3 a4 43. hxg5 hxg5
44. f4 gxf4 45. gxf4 b3 46. axb3 axb3 47. f5 Kd6 48. Kc3 Ke7 49. Kxb3 Kf6
50. Kc4 Kxf5 51. Kc5 Ke6 52. Kc6 Ke7 53. d5 Kd8 1-0

[Event "38th Olympiad w"]
[Site "Dresden GER"]
[Date "2008.11.15"]
[Round "3"]
[White "Shaughnessy,E"]
[Black "Boric,E"]
[Result "0-1"]
[WhiteElo "1899"]
[BlackElo "2292"]
[EventDate "2008.11.13"]

1. e4 Nf6 2. e5 Nd5 3. d4 d6 4. Nf3 Bg4 5. Be2 c6 6. O-O Bxf3 7. Bxf3 dxe5
8. dxe5 e6 9. c4 Ne7 10. Qb3 Qc7 11. Nc3 Ng6 12. Kh1 Nd7 13. Be3 Ngxe5 14.
Be2 h5 15. Ne4 Ng4 16. f4 Nxe3 17. Qxe3 Qb6 18. Qxb6 axb6 19. Rf3 Be7 20.
Rh3 g6 21. a3 f5 22. Nf2 Bd6 23. Nd3 Kf7 24. Rf1 Rhe8 25. Re3 Kf6 26. h3 h4
27. g4 hxg3 28. Rxg3 Rh8 29. Rfg1 Rh6 30. Bf1 Rah8 31. Kg2 Rh4 32. Kf3 R8h6
33. a4 e5 34. fxe5+ Nxe5+ 35. Nxe5 Bxe5 36. R3g2 Rxh3+ 37. Ke2 R3h4 38. b3
Bd4 0-1

[Event "38th Olympiad w"]
[Site "Dresden GER"]
[Date "2008.11.15"]
[Round "3"]
[White "Corbin,R"]
[Black "Lim,G"]
[Result "0-1"]
[WhiteElo "1876"]
[BlackElo "2072"]
[EventDate "2008.11.13"]

1. e4 c5 2. Nf3 d6 3. d4 cxd4 4. Nxd4 Nf6 5. Nc3 a6 6. f4 e5 7. Nf3 Nc6 8.
Nd5 Bg4 9. fxe5 Nxe5 10. Bg5 Qa5+ 11. Bd2 Qd8 12. Bg5 Be7 13. Nxe7 Qxe7 14.
Be2 h6 15. Nxe5 Bxe2 16. Bxf6 Qxf6 17. Qxe2 dxe5 18. O-O-O O-O 19. Rd7 b5
20. Rhd1 Qf4+ 21. Kb1 Qxh2 22. Qg4 Qf4 23. Qf3 Qxf3 24. gxf3 g5 25. c3 h5
26. Kc2 Kg7 27. Rg1 Kg6 28. Rd6+ f6 29. Rgd1 h4 30. R1d2 Kh5 31. Rd7 Rh8
32. Rh2 Rad8 33. Ra7 Rd6 34. a4 Rb6 35. axb5 axb5 36. Rc7 g4 37. fxg4+ Kxg4
38. Rg7+ Kf3 39. Rh3+ Kxe4 40. Rg4+ Kd5 41. b3 e4 42. c4+ bxc4 43. bxc4+
Ke5 44. Kc3 f5 45. Rgxh4 Rxh4 46. Rxh4 Rb1 47. Kc2 Rf1 48. Rh3 Rf2+ 49. Kc3
Rf1 50. Kd2 Kd4 51. c5 Kxc5 52. Ke3 Kd5 53. Rh2 Rf3+ 54. Kd2 Kd4 55. Ke1 f4
56. Ra2 Rb3 57. Ke2 Kc3 58. Ra6 Rb2+ 59. Kd1 f3 60. Rc6+ Kd3 61. Rd6+ Ke3
62. Kc1 f2 63. Rf6 Re2 0-1

[Event "38th Olympiad w"]
[Site "Dresden GER"]
[Date "2008.11.15"]
[Round "3"]
[White "Azarova,N"]
[Black "Antonova,N"]
[Result "1-0"]
[WhiteElo "2308"]
[BlackElo "1827"]
[EventDate "2008.11.13"]

1. e4 c5 2. Nf3 d6 3. d4 cxd4 4. Nxd4 Nf6 5. Nc3 e6 6. g4 Nc6 7. g5 Nd7 8.
Be3 Be7 9. Rg1 a6 10. Qd2 Qc7 11. O-O-O b5 12. Nxc6 Qxc6 13. Bd4 Ne5 14.
Rg3 O-O 15. f4 Nc4 16. Bxc4 Qxc4 17. Qf2 b4 18. Nb1 Bb7 19. b3 Qc7 20. Re1
e5 21. Bb6 Qc6 22. f5 f6 23. g6 h6 24. Rd3 a5 25. Be3 Rfd8 26. Qd2 Bf8 27.
Rd5 Qa6 28. a4 Bxd5 29. Qxd5+ Kh8 30. Nd2 Rac8 31. Nc4 Rxc4 32. Qxc4 Qxc4
33. bxc4 Rc8 34. Bb6 Rxc4 35. Kb2 d5 36. exd5 Rf4 37. d6 Bxd6 38. Rd1 Rd4
39. Bxd4 exd4 40. Kb3 Be5 41. Kc4 Kg8 42. Kb5 Kf8 43. Kxa5 Ke7 44. Kxb4 Kd6
45. Kc4 Bxh2 46. a5 Kc6 47. Rxd4 Bc7 48. a6 Bb6 49. Rh4 Be3 50. Rh3 1-0

[Event "38th Olympiad w"]
[Site "Dresden GER"]
[Date "2008.11.15"]
[Round "3"]
[White "Klimets,E"]
[Black "Muhtojzoda,A"]
[Result "1-0"]
[WhiteElo "2129"]
[BlackElo "1640"]
[EventDate "2008.11.13"]

1. e4 c5 2. Nc3 Nc6 3. Nf3 d6 4. d4 cxd4 5. Nxd4 Nf6 6. Bc4 e6 7. Be3 Be7
8. Qe2 Bd7 9. O-O-O a6 10. Bb3 Rb8 11. Rhg1 O-O 12. g4 Na5 13. g5 Nxb3+ 14.
axb3 Ne8 15. f4 Qa5 16. f5 Rc8 17. f6 Bd8 18. Kb1 b5 19. Rg3 b4 20. Na2
Nxf6 21. gxf6 Bxf6 22. Bh6 Kh8 23. Qf3 Qe5 24. Be3 a5 25. Nc1 Bc6 26. Nd3
Qxe4 27. Qf2 Bh4 28. Rdg1 Bxg3 29. Qxg3 g6 30. Nf2 Qd5 31. Qh4 f5 32. Rxg6
Rce8 33. Bg5 Qe5 34. Bf6+ Rxf6 35. Qxf6+ Qxf6 36. Rxf6 Bd5 37. Rh6 Kg7 38.
Rh3 h6 39. Nd3 Be4 40. Nb5 Rd8 41. Nf4 Bd5 42. Nc7 Rd7 43. Ncxd5 exd5 44.
Nxd5 Kg6 45. Kc1 Rf7 46. Rg3+ Kh5 47. Nf4+ Kh4 48. Kd2 Rc7 49. Kd3 h5 50.
Ng6+ 1-0

[Event "38th Olympiad w"]
[Site "Dresden GER"]
[Date "2008.11.15"]
[Round "3"]
[White "Lujan,C"]
[Black "Caoili,A"]
[Result "*"]
[WhiteElo "2366"]
[BlackElo "2170"]
[EventDate "2008.11.13"]

1. e4 e5 2. Nf3 Nc6 3. Bb5 f5 4. Qe2 fxe4 5. Qxe4 Nf6 6. Qe2 Bd6 7. O-O O-O
8. Nc3 Kh8 9. d3 Nd4 10. Nxd4 exd4 11. Ne4 Be7 12. c3 d5 13. Ng3 c6 14. Ba4
Bc5 15. cxd4 Bxd4 16. Be3 Qb6 17. Bb3 Bd7 18. Qd2 Ng4 19. Rae1 Rae8 20.
Bxd4 Qxd4 21. Rxe8 Bxe8 22. Qc3 Qf4 23. Bd1 Bg6 24. Bxg4 Qxg4 25. d4 h5 26.
h3 Qg5 27. Qc1 Qf6 28. Qd2 Re8 29. Rc1 h4 30. Nf1 Re4 31. Rd1 Bh5 32. f3
Re6 33. Ne3 Qf4 34. Nc2 Qg3 35. Qf2 Qg5 36. f4 Qg3 37. Re1 Rf6 38. Rf1 Re6
39. Re1 Rf6 40. Rf1 Re6 41. Re1 Rf6 *

[Event "38th Olympiad w"]
[Site "Dresden GER"]
[Date "2008.11.15"]
[Round "3"]
[White "Nguyen Thu Giang"]
[Black "Zuriel,M"]
[Result "1-0"]
[WhiteElo "2101"]
[BlackElo "2189"]
[EventDate "2008.11.13"]

1. e4 c5 2. Nc3 d6 3. g3 Nc6 4. Bg2 g6 5. d3 Bg7 6. f4 e6 7. Nf3 Nge7 8.
O-O O-O 9. Be3 b6 10. Bf2 Rb8 11. Qd2 Bb7 12. g4 f5 13. Ng5 Qd7 14. gxf5
exf5 15. Rae1 Nd4 16. Nd1 h6 17. Nf3 Nxf3+ 18. Bxf3 fxe4 19. dxe4 Ba6 20.
Be2 Bxe2 21. Rxe2 Rbe8 22. Rfe1 Nc6 23. c3 Kh7 24. Bg3 Nd8 25. Qd3 Qc6 26.
Nf2 c4 27. Qd5 Qxd5 28. exd5 Rxe2 29. Rxe2 Rf5 30. Re8 Nf7 31. Re7 Kg8 32.
Re8+ Bf8 33. Ng4 Kg7 34. Ne3 Rh5 35. Rc8 Be7 36. Rxc4 Bd8 37. b3 b5 38. Re4
Bb6 39. c4 bxc4 40. bxc4 Rf5 41. Kg2 Rh5 42. Kf3 Bc5 43. Nc2 Rf5 44. Ke2 g5
45. Nd4 Bxd4 46. Rxd4 gxf4 47. Rxf4 Re5+ 48. Kd3 Re8 49. Re4 Rb8 50. Re7
Rb2 51. Rxa7 Kf6 52. Ra6 Ke7 53. a4 h5 54. a5 Ra2 55. Bh4+ Ke8 56. Ra8+ Kd7
57. Ra7+ Ke8 58. Bg3 h4 59. Bf4 Rf2 60. Ke4 Rc2 61. Rc7 Ra2 62. Kf5 1-0

[Event "38th Olympiad w"]
[Site "Dresden GER"]
[Date "2008.11.15"]
[Round "3"]
[White "Plazaola,M"]
[Black "Dekic,B"]
[Result "0-1"]
[WhiteElo "2126"]
[BlackElo "2103"]
[EventDate "2008.11.13"]

1. e4 c5 2. Nf3 d6 3. d4 cxd4 4. Nxd4 Nf6 5. Nc3 a6 6. f3 e6 7. Be3 b5 8.
g4 Bb7 9. Qd2 Nfd7 10. O-O-O Nb6 11. Qf2 N8d7 12. Bd3 Rc8 13. f4 Nc5 14. a3
Nxd3+ 15. Rxd3 Nc4 16. f5 e5 17. Nf3 Nxe3 18. Qxe3 Qc7 19. Rhd1 Be7 20.
R1d2 h6 21. g5 hxg5 22. Nxg5 Rh5 23. Nf3 Rh3 24. Qg1 Bf8 25. Qg4 Rh6 26.
Qg3 Bc6 27. Nd5 Bxd5 28. Rxd5 f6 29. R5d3 Qb7 30. Qe1 Rc4 31. Rd5 g5 32. b3
Rc3 33. Ng1 Qc7 34. Kb2 Rc5 35. R5d3 Be7 36. h3 Rh4 37. Rd5 Qb6 38. R2d3
Rc6 39. Qe3 Qxe3 40. Rxe3 Bd8 41. Re1 Bb6 42. Nf3 Rxh3 43. Rf1 g4 44. Ne1
Bd4+ 45. Kb1 Rh2 46. Kc1 g3 47. Kd1 g2 0-1

[Event "38th Olympiad w"]
[Site "Dresden GER"]
[Date "2008.11.15"]
[Round "3"]
[White "Oliver,S"]
[Black "Amed,S"]
[Result "1/2-1/2"]
[WhiteElo "1942"]
[BlackElo "2099"]
[EventDate "2008.11.13"]

1. e4 e6 2. d4 d5 3. Nc3 Bb4 4. e5 c5 5. Bd2 Ne7 6. f4 Nbc6 7. Nf3 cxd4 8.
Nb5 Bxd2+ 9. Qxd2 O-O 10. O-O-O a6 11. Nbxd4 Nxd4 12. Nxd4 Nc6 13. c3 Bd7
14. h4 f6 15. exf6 Qxf6 16. g3 Rac8 17. Nxc6 bxc6 18. Qd4 c5 19. Qxf6 gxf6
20. Rh2 a5 21. Bh3 Kf7 22. g4 Rcd8 23. Rhd2 Bc6 24. Re1 Rfe8 25. g5 f5 26.
Re5 Rf8 27. Bg2 Bb5 28. Bf3 a4 29. a3 Bc4 30. Bd1 Bb5 31. Bf3 Bc4 32. Bd1
Bb5 1/2-1/2

[Event "38th Olympiad w"]
[Site "Dresden GER"]
[Date "2008.11.15"]
[Round "3"]
[White "Sergeeva,M"]
[Black "Nakagawa,E"]
[Result "1-0"]
[WhiteElo "2325"]
[BlackElo "1860"]
[EventDate "2008.11.13"]

1. e4 c6 2. d4 d5 3. Nc3 dxe4 4. Nxe4 Nd7 5. Nf3 Ngf6 6. Ng3 e6 7. Bd3 Bd6
8. O-O O-O 9. Re1 Qc7 10. Qe2 b6 11. Ne5 Bb7 12. Bg5 c5 13. c3 Rfe8 14.
Rac1 Rac8 15. Nh5 Nxh5 16. Bxh7+ Kf8 17. Qxh5 Nxe5 18. dxe5 Bxe5 19. Rxe5
f6 20. Re3 fxg5 21. Bg6 Qc6 22. Qh8+ 1-0